Numbers : (Record no. 306604)
[ view plain ]
| 000 -LEADER | |
|---|---|
| fixed length control field | 00710nam a2200265Ia 4500 |
| 008 - FIXED-LENGTH DATA ELEMENTS--GENERAL INFORMATION | |
| fixed length control field | 170203s9999 xx 000 0 und d |
| 020 ## - INTERNATIONAL STANDARD BOOK NUMBER | |
| International Standard Book Number | 0-688069509 |
| 050 ## - LIBRARY OF CONGRESS CALL NUMBER | |
| Classification number | Fic |
| 050 ## - LIBRARY OF CONGRESS CALL NUMBER | |
| Item number | D917n |
| 100 ## - MAIN ENTRY--PERSONAL NAME | |
| Personal name | Dunham, Meredith. |
| 245 ## - TITLE STATEMENT | |
| Title | Numbers : |
| 245 ## - TITLE STATEMENT | |
| Remainder of title | how do you say it? |
| 245 ## - TITLE STATEMENT | |
| Statement of responsibility, etc | by Meredith Dunham. |
| 260 ## - PUBLICATION, DISTRIBUTION, ETC. (IMPRINT) | |
| Place of publication, distribution, etc | New York : |
| 260 ## - PUBLICATION, DISTRIBUTION, ETC. (IMPRINT) | |
| Name of publisher, distributor, etc | Lothrop, Lee & Shepard Books, |
| 260 ## - PUBLICATION, DISTRIBUTION, ETC. (IMPRINT) | |
| Date of publication, distribution, etc | 1987 |
| 300 ## - PHYSICAL DESCRIPTION | |
| Extent | 24 unnumbered pages : |
| 300 ## - PHYSICAL DESCRIPTION | |
| Other physical details | chiefly color illustrations ; |
| 300 ## - PHYSICAL DESCRIPTION | |
| Dimensions | 21 cm |
| 500 ## - GENERAL NOTE | |
| General note | English, French, Italian, and Spanish. |
| 650 ## - SUBJECT ADDED ENTRY--TOPICAL TERM | |
| Topical term or geographic name as entry element | Counting -- |
| 650 ## - SUBJECT ADDED ENTRY--TOPICAL TERM | |
| Topical term or geographic name as entry element | Counting. |
| 650 ## - SUBJECT ADDED ENTRY--TOPICAL TERM | |
| Topical term or geographic name as entry element | Picture dictionaries, Polyglot. |
| 650 ## - SUBJECT ADDED ENTRY--TOPICAL TERM | |
| General subdivision | Juvenile literature. |
| Withdrawn status | Lost status | Damaged status | Home library | Current library | Shelving location | Date acquired | Total Checkouts | Full call number | Barcode | Date last seen | Price effective from | Koha item type |
|---|---|---|---|---|---|---|---|---|---|---|---|---|
| Stonyhurst Southville International School (Batangas) | Stonyhurst Southville International School (Batangas) | 02/03/2017 | Fic .D917n | LS-3614 | 02/03/2017 | 02/03/2017 | Books |